Guidelines for securing wireless local area networks (WLANs) (draft) : recommendations of the National Institute of Standards and Technology /

Bibliographic Details
Main Author: Souppaya, Murugiah
Corporate Author: National Institute of Standards and Technology (U.S.)
Other Authors: Kent, Karen (Karen Ann)
Format: Government Document eBook
Language:English
Published: Gaithersburg, MD : U.S. Dept. of Commerce, National Institute of Standards and Technology, [2011]
Edition:Draft.
Series:NIST special publication ; 800-153.
NIST special publication. Computer security.
Subjects:
Online Access:https://purl.fdlp.gov/GPO/gpo28777

MARC

Tag First Indicator Second Indicator Subfields
LEADER 00000cam a2200000 a 4500
001 in00002786537
005 20211120170317.0
006 m o d f
007 cr mn|||||||||
008 121107s2011 mdua ob f000 0 eng c
035 |a (OCoLC)ocn816338393 
040 |a GPO  |c GPO  |d MvI  |d UtOrBLW 
042 |a pcc 
043 |a n-us--- 
049 |a WWW 
074 |a 0247 (online) 
086 0 |a C 13.10:800-153/DRAFT 
100 1 |a Souppaya, Murugiah. 
245 1 0 |a Guidelines for securing wireless local area networks (WLANs) (draft) :  |b recommendations of the National Institute of Standards and Technology /  |c Murugiah Souppaya, Karen Scarfone. 
250 |a Draft. 
264 1 |a Gaithersburg, MD :  |b U.S. Dept. of Commerce, National Institute of Standards and Technology,  |c [2011] 
300 |a 1 online resource (24 unnumbered pages) :  |b color illustrations 
336 |a text  |b txt  |2 rdacontent 
337 |a computer  |b c  |2 rdamedia 
338 |a online resource  |b cr  |2 rdacarrier 
490 1 |a NIST special publication ;  |v 800-153.  |a Computer security 
500 |a Title from PDF title screen (viewed Sept. 27, 2012). 
500 |a "September 2011." 
504 |a Includes bibliographical references. 
500 |a Electronic resource. 
650 0 |a Wireless LANs  |x Security measures  |x Standards  |z United States. 
700 1 |a Kent, Karen  |q (Karen Ann) 
710 2 |a National Institute of Standards and Technology (U.S.) 
830 0 |a NIST special publication ;  |v 800-153. 
830 0 |a NIST special publication.  |p Computer security. 
856 4 0 |u https://purl.fdlp.gov/GPO/gpo28777  |t 0 
999 |a MARS 
999 f f |s 3d033deb-abfa-3dad-a06d-80049774a25e  |i 0e1e8631-5c97-34d2-be51-0426a8f87d6a  |t 0 
952 f f |a Texas A&M University  |b College Station  |c Electronic Resources  |d Available Online  |t 0  |e C 13.10:800-153/DRAFT  |h Superintendent of Documents classification 
998 f f |a C 13.10:800-153/DRAFT  |t 0  |l Available Online